|
|
|
|
| LEADER |
00000naa2a2200000 4500 |
| 001 |
634051 |
| 005 |
20240220134936.0 |
| 035 |
|
|
|a (RuTPU)RU\TPU\conf\35801
|
| 035 |
|
|
|a RU\TPU\conf\35800
|
| 090 |
|
|
|a 634051
|
| 100 |
|
|
|a 20211222d2021 k y0rusy50 ca
|
| 101 |
0 |
|
|a rus
|
| 102 |
|
|
|a RU
|
| 105 |
|
|
|a y z 101zy
|
| 135 |
|
|
|a drgn ---uucaa
|
| 181 |
|
0 |
|a i
|
| 182 |
|
0 |
|a b
|
| 200 |
1 |
|
|a Гносеологическая прозрачность терминов-аббревиатур в различных дискурсивных практиках (на материале сферы «Вспомогательные репродуктивные технологии»)
|f И. О. Краевская
|
| 203 |
|
|
|a Текст
|c электронный
|
| 225 |
1 |
|
|a Дискурсивные исследования инженерной коммуникации
|
| 300 |
|
|
|a Заглавие с экрана
|
| 320 |
|
|
|a [Библиогр.: с. 358-359 (10 назв.)]
|
| 330 |
|
|
|a В статье рассматривается изменение уровня гносеологической прозрачности семантики терминов-аббревиатур, номинирующих процедуры отрасли «Вспомогательные репродуктивные технологии», при их функционировании в различных видах дискурса (научный медицинский и сетевой популярно-медицинский).
|
| 463 |
|
0 |
|0 (RuTPU)RU\TPU\conf\35746
|t Язык. Общество. Образование
|o сборник научных трудов II Международной научно-практической конференции "Лингвистические и культурологические аспекты современного инженерного образования", Томск, 10-12 ноября 2021 г.
|f Национальный исследовательский Томский политехнический университет (ТПУ); гл. ред. Ю. В. Кобенко
|v [С. 355-359]
|d 2021
|
| 610 |
1 |
|
|a электронный ресурс
|
| 610 |
1 |
|
|a труды учёных ТПУ
|
| 610 |
1 |
|
|a гносеологическая прозрачность
|
| 610 |
1 |
|
|a термины
|
| 610 |
1 |
|
|a аббревиатуры
|
| 610 |
1 |
|
|a дискурсивные практики
|
| 610 |
1 |
|
|a доступность
|
| 610 |
1 |
|
|a семантика
|
| 610 |
1 |
|
|a дискурс
|
| 610 |
1 |
|
|a терминология
|
| 610 |
1 |
|
|a русский язык
|
| 610 |
1 |
|
|a репродуктивные технологии
|
| 610 |
1 |
|
|a вспомогательные технологии
|
| 700 |
|
1 |
|a Краевская
|b И. О.
|c лингвист
|c доцент Томского политехнического университета, кандидат педагогических наук
|f 1993-
|g Ирина Олеговна
|3 (RuTPU)RU\TPU\pers\46785
|9 22421
|
| 712 |
0 |
2 |
|a Национальный исследовательский Томский политехнический университет
|b Школа базовой инженерной подготовки
|b Отделение иностранных языков
|3 (RuTPU)RU\TPU\col\23510
|
| 801 |
|
2 |
|a RU
|b 63413507
|c 20211224
|g RCR
|
| 856 |
4 |
|
|u http://earchive.tpu.ru/handle/11683/69286
|
| 942 |
|
|
|c BK
|